| 000 | 00393nam a22001457a 4500 | ||
|---|---|---|---|
| 082 |
_a623.1 _bANJ _cL-30, P-8 |
||
| 100 |
_aM.H Anjum _948922 |
||
| 245 |
_aStrong Points with Famous Battles _cM.H Anjum |
||
| 250 | _a1st | ||
| 260 |
_aRawalpindi _bArmy Education _c1976 |
||
| 300 |
_a101. p _bill, _c15cm |
||
| 526 |
_a0 _b0 _c0 _d623_100000000000000_ANJ |
||
| 650 |
_aMCE _9379 |
||
| 942 |
_2ddc _cBK |
||
| 999 |
_c551781 _d551781 |
||